| 000 | 00455nab a2200145Ia 4500 | ||
|---|---|---|---|
| 003 | ES-SlBCS | ||
| 005 | 20210601131744.0 | ||
| 008 | 140529s1929 xxu||||| |||| 00| 0 fre d | ||
| 041 | _afre | ||
| 100 | 1 |
_aD'arcy, Phillipe _9188616 |
|
| 245 | 0 | 0 |
_aLa philosophie anglaise contemporaine _c Phillipe D'Arcy |
| 650 | 0 | 4 |
_aFilosofía Inglesa Contemporánea _9179199 |
| 773 | 0 |
_tVie Intelectuelle (La) _gvol. 2, nº. 8, 1929, págs. 857-868 _wRev907 |
|
| 942 | _cAR | ||
| 999 |
_c568242 _d568242 |
||